| 000 | 00000cam 2200000zi 4500 |
| 001 | 9.958246 |
| 003 | CaOODSP |
| 005 | 20251212125719 |
| 006 | m o d f |
| 007 | cr cn||||||||| |
| 008 | 251212e202512##oncab ob f000 0 eng d |
| 040 | |aCaOODSP|beng|erda|cCaOODSP |
| 043 | |an-cn--- |
| 045 | |ay2y2 |
| 086 | 1 |aYC28-0/451-2E-PDF |
| 110 | 1 |aCanada. |bParliament. |bSenate. |bStanding Committee on Indigenous Peoples, |eauthor, |eissuing body. |
| 245 | 10|aVoices of Youth Indigenous Leaders 2024 : |binterim report of the Standing Senate Committee on Indigenous Peoples / |cthe Honourable Michèle Audette, chair ; the Honourable Margo Greenwood, deputy chair. |
| 246 | 13|aVoices of Youth Indigenous Leaders 2024 |
| 264 | 1|aOttawa, Ontario, Canada : |bSenate, Canada = Senat, Canada, |cDecember 2025. |
| 300 | |a1 online resource (25 pages) : |bcolour illustrations, colour map. |
| 336 | |atext|btxt|2rdacontent |
| 337 | |acomputer|bc|2rdamedia |
| 338 | |aonline resource|bcr|2rdacarrier |
| 490 | 1 |aInterim report of the Standing Senate Committee on Indigenous Peoples ; |v[2nd report, 45th Parliament, 1st Session] |
| 500 | |aIssued also in French under title: Voix de jeunes leaders autochtones 2024 : rapport provisoire du Comité sénatorial permanent des peuples autochtones. |
| 500 | |aTitle from cover. |
| 504 | |aIncludes bibliographical references. |
| 520 | |a"Since 2016, the Standing Senate Committee on Indigenous Peoples (the committee) has held an annual event for Indigenous youth originally called Youth Indigenize the Senate and later in 2022 renamed to Voices of Youth Indigenous Leaders. Indigenous youth leaders apply to travel to Ottawa and appear as witnesses before the committee. Last year, the Voices of Youth Indigenous Leaders event was held in the Senate of Canada on October 30, 2024. … The following report discusses the priorities identified by Indigenous youth leaders during two meetings, both held on October 30, 2024. The report is divided in three sections. The first section explores Indigenous identity, languages and cultures through the eyes of Indigenous youth leaders. The next section examines early learning, education and representation and the report concludes by considering land and sustainability. …"--Introduction, page 7. |
| 650 | 0|aIndigenous youth|zCanada|xAttitudes. |
| 650 | 0|aIndigenous peoples|zCanada|xEthnic identity. |
| 650 | 0|aIndigenous peoples|zCanada|xSocial life and customs. |
| 650 | 0|aIndigenous peoples|zCanada|xLanguages. |
| 650 | 0|aIndigenous peoples|xEducation|zCanada. |
| 650 | 0|aIndigenous peoples|xLand tenure|zCanada. |
| 650 | 0|aSustainability|zCanada. |
| 700 | 1 |aAudette, Michè€le, |d1971- |
| 700 | 1 |aGreenwood, Margo, |d1953- |
| 775 | 08|tVoix de jeunes leaders autochtones 2024 : |w(CaOODSP)9.958247 |
| 830 | #0|aReport of the Standing Senate Committee on Indigenous Peoples ;|v2nd report, 45th Parliament, 1st Session.|w(CaOODSP)9.924594 |
| 856 | 40|qPDF|s2.81 MB|uhttps://publications.gc.ca/collections/collection_2025/sen/yc28-0/YC28-0-451-2-eng.pdf |